000 00930nam a22002897a 4500
001 8251
003 FISKH
005 20250905094501.0
008 250905b cb ||||| |||| 00| 0 eng d
020 _a042799900147
040 _aFISKH
_beng
_cFISKH
_dFISKH
050 _aPZ7.T5564 F
100 _aToast, Sarah
245 _aFarm day /
_cWritten by Sarah Toast
260 _aIllinois :
_bPublication Interanational, Ltd.,
_c1994.
300 _a20 unnumbered pages :
_bcolor illustrations ;
_c20 cm .
505 _aJ
520 _aThree children have fun on the farm seeing the animals, smelling the flowers, and eating corn
521 8 _a470
_bLexile
521 8 _aJ
_bRaz-Plus
650 _aFarm animals
_vChildren's book
650 _aFarm life
_vChildren's book
700 _aYoung, Eddie
_eCover Illustrator
700 _aVeno, Joe
_eInterior Illustrator
942 _2ddc
_cBK
_n0
999 _c8251
_d8251